000 00377nam a2200157 4500
008 191125s2014||||xo d
100 1 _aHarper Bob
_915
700 1 _aCritser Greg
_916
245 1 0 _aPravidlá štíhlosti
250 _a1.vydanie
260 _bIkar
_aBratislava
_c2014
300 _a305s.
020 _a9788055136516
_c11,31
041 1 _aslo
044 _axo
_cSK
999 _c22826
_d22826